000
00308nam a2200133Ia 4500
008
240624s9999 xx 000 0 und d
041
_a
eng
082
_a
823 SUR
100
_a
SURI MANIL
245
_a
AGE OF SHIVA
260
_c
2008
_a
London
_b
Bloomsbury
300
_a
453 : p. : cm. ; 23
365
_c
RS
_b
20
999
_c
11590
_d
11590